Extreme righteousness : (Record no. 9498)
[ view plain ]
| 000 -LEADER | |
|---|---|
| fixed length control field | 01163cam a2200325 i 4500 |
| 001 - CONTROL NUMBER | |
| control field | 39868060 |
| 003 - CONTROL NUMBER IDENTIFIER | |
| control field | OCoLC |
| 005 - DATE AND TIME OF LATEST TRANSACTION | |
| control field | 20210115130246.0 |
| 008 - FIXED-LENGTH DATA ELEMENTS--GENERAL INFORMATION | |
| fixed length control field | 970925s1997 ilu b 000 0 eng |
| 010 ## - LIBRARY OF CONGRESS CONTROL NUMBER | |
| LC control number | 97199903 |
| 020 ## - INTERNATIONAL STANDARD BOOK NUMBER | |
| International Standard Book Number | 0802466966 |
| 040 ## - CATALOGING SOURCE | |
| Original cataloging agency | DLC |
| Language of cataloging | eng |
| Description conventions | rda |
| Transcribing agency | DLC |
| Modifying agency | FIN |
| 050 00 - LIBRARY OF CONGRESS CALL NUMBER | |
| Classification number | BT764.2 |
| Item number | .H68 1997 |
| 082 00 - DEWEY DECIMAL CLASSIFICATION NUMBER | |
| Classification number | 243 |
| Edition number | 21 |
| 090 ## - LOCALLY ASSIGNED LC-TYPE CALL NUMBER (OCLC); LOCAL CALL NUMBER (RLIN) | |
| Classification number (OCLC) (R) ; Classification number, CALL (RLIN) (NR) | BT764.2 |
| Local cutter number (OCLC) ; Book number/undivided call number, CALL (RLIN) | .H68 1997 |
| 100 1# - MAIN ENTRY--PERSONAL NAME | |
| Personal name | Hovestol, Tom. |
| Authority record control number or standard number | http://id.loc.gov/authorities/names/n98075008 |
| 245 10 - TITLE STATEMENT | |
| Title | Extreme righteousness : |
| Remainder of title | seeing ourselves in the Pharisees / |
| Statement of responsibility, etc. | Tom Hovestol. |
| 246 18 - VARYING FORM OF TITLE | |
| Title proper/short title | Seeing ourselves in the Pharisees : |
| Remainder of title | extreme righteousness |
| 264 #1 - PRODUCTION, PUBLICATION, DISTRIBUTION, MANUFACTURE, AND COPYRIGHT NOTICE | |
| Place of production, publication, distribution, manufacture | Chicago : |
| Name of producer, publisher, distributor, manufacturer | Moody Press, |
| Date of production, publication, distribution, manufacture, or copyright notice | [1997] |
| 264 #4 - PRODUCTION, PUBLICATION, DISTRIBUTION, MANUFACTURE, AND COPYRIGHT NOTICE | |
| Date of production, publication, distribution, manufacture, or copyright notice | ©1997 |
| 300 ## - PHYSICAL DESCRIPTION | |
| Extent | 215 pages ; |
| Dimensions | 23 cm |
| 336 ## - CONTENT TYPE | |
| Content type term | text |
| Content type code | txt |
| Source | rdacontent |
| 337 ## - MEDIA TYPE | |
| Media type term | unmediated |
| Media type code | n |
| Source | rdamedia |
| 338 ## - CARRIER TYPE | |
| Carrier type term | volume |
| Carrier type code | nc |
| Source | rdacarrier |
| 504 ## - BIBLIOGRAPHY, ETC. NOTE | |
| Bibliography, etc. note | Includes bibliographical references (p. [209]-215). |
| 650 #0 - SUBJECT ADDED ENTRY--TOPICAL TERM | |
| Topical term or geographic name entry element | Righteousness. |
| Authority record control number or standard number | http://id.loc.gov/authorities/subjects/sh95004639 |
| 650 #0 - SUBJECT ADDED ENTRY--TOPICAL TERM | |
| Topical term or geographic name entry element | Christian life. |
| Authority record control number or standard number | http://id.loc.gov/authorities/subjects/sh85025095 |
| 650 #0 - SUBJECT ADDED ENTRY--TOPICAL TERM | |
| Topical term or geographic name entry element | Pharisees. |
| Authority record control number or standard number | http://id.loc.gov/authorities/subjects/sh85100582 |
| 942 ## - ADDED ENTRY ELEMENTS (KOHA) | |
| Source of classification or shelving scheme | Dewey Decimal Classification |
| Koha item type | Books |
| Withdrawn status | Lost status | Source of classification or shelving scheme | Damaged status | Not for loan | Collection code | Home library | Current library | Shelving location | Date acquired | Total Checkouts | Full call number | Barcode | Date last seen | Price effective from | Koha item type |
|---|---|---|---|---|---|---|---|---|---|---|---|---|---|---|---|
| Dewey Decimal Classification | Non-fiction | Harvest Mission College | Harvest Mission College | General Stacks | 25.01.2021 | 243 H845E | 010816 | 25.01.2021 | 25.01.2021 | Books |
